Handbook for english language laboratory (Record no. 156773)
[ view plain ]
| 000 -LEADER | |
|---|---|
| fixed length control field | 00567nam a2200205Ia 4500 |
| 003 - CONTROL NUMBER IDENTIFIER | |
| control field | OSt |
| 005 - DATE AND TIME OF LATEST TRANSACTION | |
| control field | 20251213154840.0 |
| 008 - FIXED-LENGTH DATA ELEMENTS--GENERAL INFORMATION | |
| fixed length control field | 210423s2009 xx 000 0 und d |
| 020 ## - INTERNATIONAL STANDARD BOOK NUMBER | |
| International Standard Book Number | 978817596412560 |
| 040 ## - CATALOGING SOURCE | |
| Transcribing agency | AL |
| 041 ## - LANGUAGE CODE | |
| Language code of text/sound track or separate title | English |
| 082 ## - DEWEY DECIMAL CLASSIFICATION NUMBER | |
| Classification number | 420.028 |
| Item number | KUMH |
| 100 ## - MAIN ENTRY--PERSONAL NAME | |
| Personal name | Suresh Kumar E |
| 9 (RLIN) | 81748 |
| 245 ## - TITLE STATEMENT | |
| Title | Handbook for english language laboratory |
| 260 ## - PUBLICATION, DISTRIBUTION, ETC. | |
| Place of publication, distribution, etc. | New Delhi |
| Name of publisher, distributor, etc. | Cambridge University Press |
| Date of publication, distribution, etc. | 2009 |
| 300 ## - PHYSICAL DESCRIPTION | |
| Extent | viii,171P. |
| Other physical details | PB |
| Dimensions | 24x18cm. |
| 365 ## - TRADE PRICE | |
| Price amount | 150 |
| Currency code | INR |
| 906 ## - LOCAL DATA ELEMENT F, LDF (RLIN) | |
| a | english ; Handbook ; laboratory. ; language |
| 942 ## - ADDED ENTRY ELEMENTS (KOHA) | |
| Source of classification or shelving scheme | Dewey Decimal Classification |
| Koha item type | Book |
| Withdrawn status | Lost status | Source of classification or shelving scheme | Damaged status | Not for loan | Collection code | Home library | Current library | Date acquired | Source of acquisition | Cost, normal purchase price | Total Checkouts | Full call number | Barcode | Date last seen | Price effective from | Koha item type |
|---|---|---|---|---|---|---|---|---|---|---|---|---|---|---|---|---|
| Dewey Decimal Classification | MA English | St Aloysius PG Library | St Aloysius PG Library | 07/09/2009 | Cambridge University Press | 150.00 | 420.028 KUMH | PG003248 | 08/24/2022 | 04/26/2021 | Book |